• 首页
  • 本馆介绍
  • 公告通知
  • 最新文献
  • 馆藏检索
  • 电子资源
  • 读者导购
  • 参考咨询
  • 我的图书馆
  • 登录
  • 详细信息显示
  • 放入我的书架
  • 预约/预借图书
  • 作者相关作品
  • 分类相关作品
  • 丛书相关作品
  • 出版社相关作品

书目信息

  • 表格格式
  • 工作单格式
  • 卡片格式
题名:
从零开始画色粉画
    
 
作者: 科尔 著 ;戴一夫 译
分册:  
出版信息: 上海   上海书画出版社  2020.5
页数: 111页
开本: 28cm
丛书名: 西方绘画技法经典教程
单 册:
中图分类: J216
科图分类:
主题词: 色粉笔画--绘画技法--教材
电子资源:
ISBN: 978-7-5479-2324-5
000 01364nam 2200325 45
001 012001001540
005 20130912154220.0
010    @a978-7-5479-2324-5@dCNY62.00
099    @aCAL 012020131462
100    @a20200629d2020 em y0chiy0110 ea
101 1  @achi@ceng
102    @aCN@b310000
105    @aa z 000yy
106    @ar
200 1  @a从零开始画色粉画@Acong ling kai shi hua se fen hua@f(英) 珍妮·科尔著@g戴一夫译
210    @a上海@c上海书画出版社@d2020.5
215    @a111页@c彩图@d28cm
225 2  @a西方绘画技法经典教程@Axi fang hui hua ji fa jing dian jiao cheng
300    @a其他题名:从零开始画色粉画
312    @a英文题名取自版权页
330    @a本书集合了色粉画创作技法练习, 每一个练习都由不同的技法、风格和特定的表现主题结合而来, 有清晰详细的步骤图和提示说明。因此无论你是初学者还是专业人士都可以按照自己的喜好和需要任意选择阅读, 以提升自己的色粉画创作水平。书中提供了百余幅超高清照片, 用简洁明了的文字表述复杂的理论知识, 鼓励学习者从对大自然的细致观察入手, 逐步理解和学习色彩的各种表现。
461  0 @12001 @a西方绘画技法经典教程
500 10 @aStart to paint with pastels@mChinese
517 1  @a从零开始画色粉画
606 0  @a色粉笔画@x绘画技法@j教材
690    @aJ216@v5
701  1 @a科尔@Ake er@g(Keal, Jenny)@4著
702  0 @a戴一夫@Adai yi fu@4译
801    @aCN@b江苏凤凰@c20211018
905    @b1343901-4@dJ216@e1401@f4
    
    从零开始画色粉画/(英) 珍妮·科尔著/戴一夫译.-上海:上海书画出版社,2020.5
    111页:彩图;28cm.-(西方绘画技法经典教程)
    其他题名:从零开始画色粉画
    
    ISBN 978-7-5479-2324-5:CNY62.00
    本书集合了色粉画创作技法练习, 每一个练习都由不同的技法、风格和特定的表现主题结合而来, 有清晰详细的步骤图和提示说明。因此无论你是初学者还是专业人士都可以按照自己的喜好和需要任意选择阅读, 以提升自己的色粉画创作水平。书中提供了百余幅超高清照片, 用简洁明了的文字表述复杂的理论知识, 鼓励学习者从对大自然的细致观察入手, 逐步理解和学习色彩的各种表现。
●
相关链接 在E读中查询图书 在五车中查询图书 在当当中查询图书 在豆瓣中查询图书


正题名:从零开始画色粉画     索取号:J216/1401         预约/预借

序号 登录号 条形码 馆藏地/架位号 状态 备注
1 1343901   213439019   第一样本阅览室/ [索取号:J216/1401] 在馆    
2 1343902   213439028   第一借阅区/ [索取号:J216/1401] 在馆    
3 1343903   213439037   第一借阅区/ [索取号:J216/1401] 在馆    
4 1343904   213439046   第一借阅区/ [索取号:J216/1401] 在馆    
唐山师范学院图书馆 欢迎您!
大连网信软件有限公司© 版权所有